Score 0/63 Timer 10:00
0 Plays Today
% Correct
V
98.5%
I
98.2%
M
97.9%
C
95.3%
X
94.7%
L
93.8%
Mars
93.5%
Venus
92.5%
Red
92.5%
Yellow
91.9%
Blue
91.8%
Jupiter
91.3%
Green
91.3%
Orange
90.8%
Saturn
90.3%
Mercury
89.4%
D
89.4%
Violet
85.9%
Ron
84%
Indigo
83.6%
Ginny
68.3%
George
62.2%
Fred
60.7%
Atlantic Ocean
56.2%
Pacific Ocean
55.9%
Indian Ocean
54.8%
Percy
51.6%
Arctic Ocean
50%
Sun
49.1%
Bill
48.7%
Baptism
48.2%
Mediterranean Sea
48.2%
% Correct
Moon
46.6%
Holy Eucharist
45.9%
Charlie
45.6%
Matrimony
43.3%
Confirmation
37.5%
Penance
34.8%
Charity
33.6%
Kindness
30.6%
Patience
29.6%
Mental Dementia and Death
28.9%
Caribbean Sea
28%
Anointing of the Sick
27%
Chastity
26%
Childhood
24.5%
Infancy
21.8%
Heart
19.1%
Holy Orders
18.9%
Crown
18%
Old Age
16.6%
Humility
15.8%
Brow
14.8%
Temperance
12.6%
Throat
12%
Root
7.6%
Gulf of Mexico
7.3%
The Soldier
6%
The Lover
4.8%
Solar Plexus
4.7%
Diligence
4.5%
The Justice
4.4%
Sacral
3.7%
Remove Ads.
Support Sporcle.
Get the best of Sporcle when you Go Orange. This ad-free experience offers more features, more stats, and more fun while also helping to support Sporcle. Thank you for becoming a member.

You're not logged in!

Compare scores with friends on all Sporcle quizzes.
OR
Log In

Show Comments

Extras

Top Quizzes Today


Score Distribution

Your Account Isn't Verified!

In order to create a playlist on Sporcle, you need to verify the email address you used during registration. Go to your Sporcle Settings to finish the process.

Report this User

Report this user for behavior that violates our Community Guidelines.

Details: